Unique Two-Letter Combinations in Official Country Names - Statistics

General Stats
  • This quiz has been taken 97 times
  • The average score is 44 of 83
Answer Stats
Hint Answer % Correct
DJ Djibouti
92%
CZ Czech Republic
89%
CY Cyprus
86%
AQ Iraq
85%
QA Qatar
85%
BH Bhutan
82%
EQ Equatorial Guinea
82%
JO Jordan
80%
EX Mexico
80%
PH Philippines
80%
YE Yemen
80%
SY Syria
79%
UX Luxembourg
77%
KU Kuwait
76%
XI Mexico
76%
SP Spain
76%
KH Kazakhstan
74%
FG Afghanistan
71%
EE Greece
71%
MY Myanmar
71%
UK Ukraine
70%
UZ Uzbekistan
68%
BW Zimbabwe
68%
KY Kyrgyzstan
67%
CC Morocco
65%
LB Albania
64%
AW Malawi
64%
IQ Mozambique
64%
LT Malta
62%
PP Philippines
62%
LY Italy
61%
OZ Mozambique
61%
UY Guyana
59%
YZ Kyrgyzstan
59%
AJ Tajikistan
59%
OO Cameroon
58%
TV Latvia
58%
BY Libya
56%
UV Tuvalu
56%
PT Egypt
55%
NZ Tanzania
52%
IZ Belize
50%
UL Bulgaria
50%
EB Lebanon
50%
UM Belgium
47%
YC Seychelles
45%
OG Togo
45%
KM Turkmenistan
45%
KR Ukraine
45%
IK Tajikistan
44%
EZ Venezuela
44%
HR Bahrain
42%
AE Israel
42%
TT Saint Kitts and Nevis
42%
FE Federated States of Micronesia
41%
ZU Venezuela
39%
FA Burkina Faso
38%
NL Finland
38%
TZ Switzerland
38%
NU Vanuatu
38%
GL Bangladesh
36%
RZ Bosnia and Herzegovina
36%
LV El Salvador
36%
NK Sri Lanka
36%
IW Taiwan
35%
EV Saint Kitts and Nevis
33%
OP Ethiopia
32%
DU Honduras
32%
HT Liechtenstein
32%
SC Madagascar
32%
GD United Kingdom
32%
TY Vatican City
32%
ID Trinidad and Tobago
30%
IO Ethiopia
29%
HS Kazakhstan
29%
RS Marshall Islands
29%
UC Saint Lucia
29%
OB Trinidad and Tobago
29%
EK Uzbekistan
29%
TN Vietnam
27%
OD Cambodia
26%
YS Malaysia
26%
NS Liechtenstein
23%
No matching quizzes found
Score Distribution
Percent of People with Each Score
Percentile by Number Answered
Your Score History
You have not taken this quiz